| 000 -LEADER | |
|---|---|
| fixed length control field | 00447nam a22001697a 4500 |
| 005 - DATE AND TIME OF LATEST TRANSACTION | |
| control field | 20210306161000.0 |
| 008 - FIXED-LENGTH DATA ELEMENTS--GENERAL INFORMATION | |
| fixed length control field | 210306b ||||| |||| 00| 0 eng d |
| 020 ## - INTERNATIONAL STANDARD BOOK NUMBER | |
| ISBN | 978-0-07-463050-1 |
| 041 ## - LANGUAGE CODE | |
| Language code of text/sound track or separate title | eng |
| 082 ## - DEWEY DECIMAL CLASSIFICATION NUMBER | |
| Classification number | 650 |
| 100 ## - MAIN ENTRY--AUTHOR NAME | |
| Personal name | BADGER, WALTER L. AND JULIUS,T.BANCHERO |
| 245 ## - TITLE STATEMENT | |
| Title | INTRODUCTION TO CHEMICAL ENGINEERING |
| 260 ## - PUBLICATION, DISTRIBUTION, ETC. (IMPRINT) | |
| Place of publication | NEW DELHI |
| Name of publisher | Mc GRAW HILL EDUCATION |
| 300 ## - PHYSICAL DESCRIPTION | |
| Number of Pages | 753,p |
| 650 ## - SUBJECT ADDED ENTRY--TOPICAL TERM | |
| Topical Term | PHARMACY |
| 942 ## - ADDED ENTRY ELEMENTS (KOHA) | |
| Koha item type | Books |
| Lost status | Damaged status | Collection code | Home library | Current library | Shelving location | Date acquired | Source of acquisition | Cost, normal purchase price | Full call number | Accession Number | Koha item type |
|---|---|---|---|---|---|---|---|---|---|---|---|
| Reference | JRU Library | JRU Library | SHELF-5-D | 06/03/2021 | PURCHES | 1030.00 | 650 | 25744 | Books | ||
| PHARMACY | JRU Library | JRU Library | Shelf - 26- A | 06/03/2021 | PURCHES | 1030.00 | 650 | 25745 | Books |